000 01513nam a2200361 c 4500
999 _c190073
_d190073
003 BLK
005 20240604005406.0
008 180411b bul|||||r ||||||| ||bul||
010 _aKNG00199134000
040 _aBLK
041 _aBUL
_cBUL
072 7 _2bullib
_aА
_xФонд Михаил Арнаудов
080 _aБългарска литература
_b821.163.2
_x-1
_z821.163.2-1
100 1 _aБояджиев, Димитър Иванов
_eпърви автор
_9366015
139 _aБояджиев, Димитър Иванов
_bБ 73
245 1 0 _aСтихотворения
_cДимитър Иванов Бояджиев; предг. от Елин Пелин.
257 _aBGR
260 _bТ. Ф. Чипев
_c1927
_fСофия : Гладстон
300 _a36 с., 1 л.
_bпортр.
_c22 см
380 _aX
490 _9396381
_aЧастна колекция - Академик Михаил Арнаудов
_gДарение - Основен фонд
500 _aАвтограф с текст: До Редакция на Сп. Българска мисъл за Отзив. - Мека подв., неразрязана
659 _aА
700 _aЕлин Пелин
_qСтоянов, Димитър Иванов
_9363511
852 _aМА 2064
_bМА
856 4 _qpdf
856 4 _qpdf
942 _cKNG
_n0
_s1
944 _aCR
_c11.01.2017
_k
_lCRON CRON
944 _aED
_c11.01.2017
_kГеновева_Генчева
999 _d190073
999 _d190073